| 000 | 00841nam a2200241 a 4500 | ||
|---|---|---|---|
| 008 | |||
| 020 | _a1855212757 (cased) | ||
| 049 | _aMAIN | ||
| 090 | _aHD4139 | ||
| 245 | 0 | 0 |
_aPrivatization in Europe : _bWest and East experiences / _cedited by Ferdinando Targetti. |
| 260 |
_aAldershot, Hants. : _bDartmouth, _cc1992. |
||
| 300 |
_axi, 236 p. ; _c23 cm. |
||
| 504 | _aIncludes bibliographical references. | ||
| 500 | _aIncludes index. | ||
| 650 | 0 |
_aPrivatization _zEurope _vCongresses. |
|
| 700 | 1 | _aTargetti, Ferdinando. | |
| 711 |
_aConference of the European Association for Comparative Economic Systems _d(1991 Mar. 1-2 : _cTrento University, Italy). |
||
| 907 |
_a.b10075124 _b19-07-03 _c17-04-03 |
||
| 003 | |||
| 005 | 20230123133250.0 | ||
| 040 | _cNUST | ||
| 942 |
_cBOOKS _kHD4139 |
||
| 999 |
_c145615 _d145615 |
||